<?xml version="1.0" encoding="UTF-8"?>
<marc:record xmlns:marc="http://www.loc.gov/MARC21/slim">
   <marc:leader>00000nam a2200000 a 4500</marc:leader>
   <marc:datafield ind1="1" ind2=" " tag="100">
      <marc:subfield code="a">Isau, Ralf</marc:subfield>
      <marc:subfield code="4">aut</marc:subfield>
      <marc:subfield code="e">Verfasser/-in</marc:subfield>
   </marc:datafield>
   <marc:datafield ind1=" " ind2=" " tag="653">
      <marc:subfield code="a">Phantasy</marc:subfield>
   </marc:datafield>
   <marc:datafield ind1="0" ind2="0" tag="245">
      <marc:subfield code="a">Das Wasser von Simao</marc:subfield>
   </marc:datafield>
   <marc:datafield ind1=" " ind2="1" tag="264">
      <marc:subfield code="b">Thienemann</marc:subfield>
      <marc:subfield code="c">2006</marc:subfield>
   </marc:datafield>
   <marc:datafield ind1="1" ind2=" " tag="490">
      <marc:subfield code="a">Die Chroniken von Mirad</marc:subfield>
   </marc:datafield>
   <marc:datafield ind1="1" ind2=" " tag="520">
      <marc:subfield code="a">Magos' Fluch liegt wie ein dunkler Schatten über Mirad. Wenn die letzte Sirilimprinzessin stirbt, wird Mirad in eiskalter Dunkelheit versindkn. Nur das Wasser von Silmao kann sie noch retten und das Unheil abwenden. Die Zeit drängt, doch mächtige Feinde haben sich gegen Ergil, den jungen König von Soodland, verschworen. Während ein riesiges Heer gegen sein Reich vorrückt, muss er über die Grenzen seiner Welt hinausgehen, um das Lebenselixier zu finden.</marc:subfield>
   </marc:datafield>
   <marc:datafield ind1="3" ind2=" " tag="024">
      <marc:subfield code="a">3522177479</marc:subfield>
   </marc:datafield>
</marc:record>
